[Event "Tradewise Gibraltar Chess Festival 2014 "]
[Site "The Caleta Hotel - Gibraltar"]
[Date "2014.02.01"]
[Round "5.30"]
[White "Short, Nigel D"]
[Black "Trent, Lawrence"]
[Result "1/2-1/2"]
[WhiteElo "2683"]
[BlackElo "2424"]
[PlyCount "67"]
[EventDate "2014.01.28"]

1. e4 e5 2. Nf3 Nc6 3. Bb5 a6 4. Ba4 Nf6 5. Nc3 b5 6. Bb3 Be7 7. Nd5 O-O 8. d3
Na5 9. Nxe5 Nxb3 10. axb3 Nxd5 11. exd5 Bb4+ 12. c3 Re8 13. d4 d6 14. cxb4 dxe5
15. O-O Qxd5 16. dxe5 Qxe5 17. Qf3 Be6 18. Bf4 Qf5 19. Qg3 c6 20. Rfe1 Bd5 21.
h4 Qg6 22. Rxe8+ Rxe8 23. Qxg6 hxg6 24. Bd2 Re4 25. f3 Rxh4 26. Rxa6 Rd4 27.
Bc3 Rd1+ 28. Kf2 g5 29. Ra8+ Kh7 30. Rc8 Rc1 31. Re8 Rc2+ 32. Re2 Rxe2+ 33.
Kxe2 f5 34. g3 1/2-1/2

[Event "Tradewise Gibraltar Chess Festival 2014 "]
[Site "The Caleta Hotel - Gibraltar"]
[Date "2014.02.01"]
[Round "5.31"]
[White "Javakhishvili, Lela"]
[Black "Georgiev, Kiril"]
[Result "1-0"]
[WhiteElo "2430"]
[BlackElo "2653"]
[PlyCount "69"]
[EventDate "2014.01.28"]

1. d4 Nf6 2. c4 g6 3. Nc3 Bg7 4. e4 O-O 5. Nf3 c6 6. Be2 d5 7. e5 Ne4 8. O-O
Na6 9. cxd5 cxd5 10. Qb3 Nc7 11. a4 b6 12. a5 b5 13. Na2 a6 14. Nb4 Bb7 15. Ne1
f6 16. f3 Ng5 17. Bxg5 fxg5 18. g3 Ne6 19. Qe3 Rc8 20. Rf2 h5 21. Bd3 Kh7 22.
f4 Bh6 23. Ng2 Rc4 24. Bxc4 dxc4 25. d5 gxf4 26. gxf4 Ng7 27. Qb6 Qc8 28. Nh4
e6 29. Raf1 Qd7 30. Rg2 Rf7 31. Nxg6 exd5 32. Nh8 d4 33. Qg6+ Kxh8 34. Qxh6+
Kg8 35. e6 1-0

[Event "Tradewise Gibraltar Chess Festival 2014 "]
[Site "The Caleta Hotel - Gibraltar"]
[Date "2014.02.01"]
[Round "5.32"]
[White "Sandipan, Chanda"]
[Black "Roeder, Matthias"]
[Result "1-0"]
[WhiteElo "2609"]
[BlackElo "2423"]
[PlyCount "109"]
[EventDate "2014.01.28"]

1. e4 c5 2. Nf3 d6 3. Bb5+ Bd7 4. Bxd7+ Qxd7 5. c4 Nf6 6. Nc3 g6 7. d4 cxd4 8.
Nxd4 Bg7 9. f3 O-O 10. Be3 Rc8 11. b3 Nc6 12. Nde2 Qd8 13. O-O a6 14. a4 Nd7
15. Rb1 Na5 16. f4 Nc5 17. Bf2 Ncxb3 18. Rxb3 Nxb3 19. Qxb3 e6 20. f5 Qd7 21.
a5 Qc6 22. Na4 Qxe4 23. Ng3 Qxc4 24. Qxc4 Rxc4 25. Nb6 Rac8 26. fxe6 fxe6 27.
Nxc8 Rxc8 28. Ne4 Be5 29. Ng5 Re8 30. Rd1 d5 31. Re1 Bc3 32. Rxe6 Rxe6 33. Nxe6
Bxa5 34. Nc5 Bb4 35. Nxb7 Kf7 36. Kf1 Kf6 37. Ke2 a5 38. Nc5 h5 39. Kd3 Kf5 40.
Kd4 Bxc5+ 41. Kxc5 Ke4 42. h4 a4 43. Kb4 Kd3 44. Kxa4 Kc3 45. Bg3 d4 46. Be5
Kc4 47. Ka3 Kd3 48. Kb2 Ke4 49. Bf6 Ke3 50. Kc2 d3+ 51. Kd1 Kf2 52. Kd2 Kxg2
53. Kxd3 Kg3 54. Ke4 Kg4 55. Bg5 1-0

[Event "Tradewise Gibraltar Chess Festival 2014 "]
[Site "The Caleta Hotel - Gibraltar"]
[Date "2014.02.01"]
[Round "5.33"]
[White "Teran Alvarez, Ismael"]
[Black "Vocaturo, Daniele"]
[Result "0-1"]
[WhiteElo "2412"]
[BlackElo "2582"]
[PlyCount "68"]
[EventDate "2014.01.28"]

1. c4 e5 2. g3 Nc6 3. Bg2 f5 4. Nc3 Nf6 5. e3 g6 6. Nge2 Bg7 7. O-O O-O 8. d3
d6 9. Rb1 Ne7 10. e4 c6 11. d4 exd4 12. Nxd4 Nxe4 13. Nxe4 fxe4 14. Bxe4 d5 15.
cxd5 Nxd5 16. Re1 Kh8 17. Nb3 Qb6 18. Be3 Nxe3 19. Rxe3 a5 20. a4 Be6 21. Qc2
Bg8 22. Bg2 Qb4 23. Nc5 Bd4 24. Nd3 Qc4 25. Re2 Qxc2 26. Rxc2 Bb3 27. Rd2 Rad8
28. Ra1 Bf6 29. Ra3 Bc4 30. Bf1 Be7 31. Ra1 Rd7 32. Rc1 Ba6 33. Rcd1 Rfd8 34.
Ra1 Bxd3 0-1

[Event "Tradewise Gibraltar Chess Festival 2014 "]
[Site "The Caleta Hotel - Gibraltar"]
[Date "2014.02.01"]
[Round "5.34"]
[White "Fier, Alexandr"]
[Black "Valsecchi, Alessio"]
[Result "1-0"]
[WhiteElo "2572"]
[BlackElo "2418"]
[PlyCount "69"]
[EventDate "2014.01.28"]

1. Nf3 Nc6 2. c4 e5 3. Nc3 Nf6 4. g3 Bc5 5. Bg2 d6 6. O-O O-O 7. e3 Bb6 8. b3
Re8 9. d3 Bf5 10. h3 h6 11. Bb2 Bh7 12. Na4 e4 13. dxe4 Bxe4 14. Nc3 Bh7 15.
Nd5 Nxd5 16. cxd5 Nb4 17. Ne1 a5 18. a3 Na6 19. Nd3 Bxd3 20. Qxd3 Nc5 21. Qc4
Qg5 22. Bd4 a4 23. b4 Nb3 24. Bxb6 Nxa1 25. Qxc7 Rec8 26. Qxd6 Nc2 27. b5 Rc3
28. Qd7 Nxa3 29. Qxb7 Rcc8 30. d6 Qxb5 31. d7 Rcb8 32. Qc6 Qxc6 33. Bxc6 Nc4
34. Bc7 Rc8 35. Bxa8 1-0

[Event "Tradewise Gibraltar Chess Festival 2014 "]
[Site "The Caleta Hotel - Gibraltar"]
[Date "2014.02.01"]
[Round "5.35"]
[White "Anton Guijarro, David"]
[Black "Savina, Anastasia"]
[Result "1-0"]
[WhiteElo "2557"]
[BlackElo "2402"]
[PlyCount "69"]
[EventDate "2014.01.28"]

1. d4 d5 2. c4 e6 3. Nc3 Nf6 4. Bg5 Be7 5. e3 O-O 6. Nf3 h6 7. Bxf6 Bxf6 8. Qc2
c5 9. dxc5 Qa5 10. cxd5 exd5 11. O-O-O Bxc3 12. Qxc3 Qxc3+ 13. bxc3 Be6 14. Nd4
Rc8 15. e4 Rxc5 16. exd5 Bd7 17. c4 Ba4 18. Nb3 Rc8 19. Kb2 Nd7 20. Rd4 Ne5 21.
Be2 Re8 22. f4 Bxb3 23. axb3 Nc6 24. Rd2 Nb4 25. d6 Rad8 26. c5 Rxe2 27. Rxe2
Nd3+ 28. Ka3 Nxc5 29. Rd1 Kf8 30. b4 Nd7 31. Re7 b5 32. Rc1 Nb6 33. Rcc7 Nc4+
34. Kb3 Nxd6 35. Red7 1-0

[Event "Tradewise Gibraltar Chess Festival 2014 "]
[Site "The Caleta Hotel - Gibraltar"]
[Date "2014.02.01"]
[Round "5.36"]
[White "Kochetkova, Julia"]
[Black "Gopal, G.N."]
[Result "0-1"]
[WhiteElo "2351"]
[BlackElo "2550"]
[PlyCount "74"]
[EventDate "2014.01.28"]

1. e4 c5 2. Nf3 d6 3. Bb5+ Nd7 4. O-O a6 5. Bxd7+ Bxd7 6. d4 cxd4 7. Qxd4 Rc8
8. Nc3 e5 9. Qd3 h6 10. Nd2 Qc7 11. Re1 Nf6 12. Nf1 Be6 13. Ne3 Be7 14. Bd2 O-O
15. Rac1 Qc5 16. Ncd5 Nxd5 17. exd5 Bd7 18. b4 Qa7 19. c4 b5 20. cxb5 axb5 21.
Nf5 Bxf5 22. Qxf5 Rxc1 23. Bxc1 Qd4 24. Qd7 Qxb4 25. Rf1 Bg5 26. Bxg5 hxg5 27.
h3 Qc5 28. Qb7 Rc8 29. Rb1 Qc2 30. Rb4 Qd1+ 31. Kh2 Rc1 32. Rb3 Qh1+ 33. Kg3
Rg1 34. Qc8+ Kh7 35. Qf5+ Kh6 36. Qf3 f5 37. Rb4 g6 0-1

[Event "Tradewise Gibraltar Chess Festival 2014 "]
[Site "The Caleta Hotel - Gibraltar"]
[Date "2014.02.01"]
[Round "5.38"]
[White "Khotenashvili, Bela"]
[Black "Bellon Lopez, Juan Manuel"]
[Result "1/2-1/2"]
[WhiteElo "2527"]
[BlackElo "2382"]
[PlyCount "72"]
[EventDate "2014.01.28"]

1. d4 d5 2. c4 c6 3. Nf3 Nf6 4. Nc3 a6 5. a4 e6 6. g3 Bb4 7. Qb3 a5 8. Bg2 b6
9. Ne5 Nfd7 10. Nf3 Ba6 11. cxd5 cxd5 12. Bg5 f6 13. Bf4 Nc6 14. O-O Bc4 15.
Qc2 Rc8 16. Rfe1 O-O 17. e4 dxe4 18. Qxe4 g5 19. Bd2 f5 20. Qe3 f4 21. gxf4
gxf4 22. Qe4 Bd6 23. Bh3 Rf6 24. Kh1 Rg6 25. Bxf4 Nf6 26. Qe3 Bxf4 27. Qxf4 Nd5
28. Qh4 Nxc3 29. Qxd8+ Rxd8 30. bxc3 Bd5 31. Re3 e5 32. c4 Bxc4 33. Nxe5 Bd5+
34. f3 Re8 35. Rg1 Rxg1+ 36. Kxg1 Nxd4 {Unable to read remaining moves} 1/2-1/2

[Event "Tradewise Gibraltar Chess Festival 2014 "]
[Site "The Caleta Hotel - Gibraltar"]
[Date "2014.02.01"]
[Round "5.39"]
[White "Studer, Noel"]
[Black "Cramling, Pia"]
[Result "1-0"]
[WhiteElo "2337"]
[BlackElo "2525"]
[PlyCount "71"]
[EventDate "2014.01.28"]

1. e4 c5 2. Nf3 e6 3. d4 cxd4 4. Nxd4 Nc6 5. Nc3 Qc7 6. Be3 Nf6 7. Qd2 Bb4 8.
f3 Nxd4 9. Qxd4 Bxc3+ 10. Qxc3 Qxc3+ 11. bxc3 d6 12. Rd1 Ke7 13. Bc1 e5 14. Ba3
Ne8 15. f4 exf4 16. e5 Be6 17. exd6+ Kd8 18. Rd4 Nf6 19. Be2 Rc8 20. c4 b6 21.
Rxf4 Nd7 22. O-O Ne5 23. c5 bxc5 24. Ra4 h5 25. Rxa7 Nc6 26. Ra4 Nb4 27. Bb2
Kd7 28. Bxg7 Rhg8 29. Be5 Ra8 30. Bb5+ Nc6 31. Rxa8 Rxa8 32. a4 Bd5 33. Bg3 h4
34. Bxh4 Kxd6 35. c4 Be4 36. Rf6+ 1-0

[Event "Tradewise Gibraltar Chess Festival 2014 "]
[Site "The Caleta Hotel - Gibraltar"]
[Date "2014.02.01"]
[Round "5.40"]
[White "Oparin, Grigoriy"]
[Black "Kaczmarczyk, Dennis"]
[Result "1-0"]
[WhiteElo "2517"]
[BlackElo "2358"]
[PlyCount "103"]
[EventDate "2014.01.28"]

1. b3 Nf6 2. Bb2 g6 3. Bxf6 exf6 4. c4 Bg7 5. Nc3 f5 6. Rc1 d6 7. g3 Nd7 8. Bg2
Nf6 9. e3 h5 10. h4 O-O 11. Nh3 Re8 12. O-O a5 13. d4 c6 14. Nf4 Qe7 15. Qd3
Bd7 16. Na4 Ra6 17. Rfe1 Bh6 18. Red1 Kh8 19. Bf3 Ne4 20. Kg2 Bg7 21. a3 Bf6
22. Nc3 Raa8 23. Ra1 Bg7 24. Ra2 Ra7 25. Rda1 Nxc3 26. Qxc3 Rea8 27. Qd2 Be6
28. Rc1 Bd7 29. Ne2 Qf6 30. Rd1 Kg8 31. Nc3 Ra6 32. Na4 Be6 33. Qd3 Rb8 34. d5
Bd7 35. dxc6 Bxc6 36. Bxc6 Rxc6 37. Qd5 Qe5 38. Rad2 Bf8 39. Qf3 Qe6 40. Rd5
Rcc8 41. Rb5 d5 42. Rdxd5 Bxa3 43. Rxa5 Ra8 44. Rab5 Ra7 45. Nb6 Re8 46. Nd7
Bb2 47. Rb6 Qe7 48. Rd2 Bc3 49. Rd3 Bg7 50. Rxb7 Qe4 51. Rxa7 Qxd3 52. Qd5 1-0

[Event "Tradewise Gibraltar Chess Festival 2014 "]
[Site "The Caleta Hotel - Gibraltar"]
[Date "2014.02.01"]
[Round "5.41"]
[White "Gukhvat, Peter"]
[Black "Hoang, Thanh Trang"]
[Result "1/2-1/2"]
[WhiteElo "2268"]
[BlackElo "2511"]
[PlyCount "65"]
[EventDate "2014.01.28"]

1. Nf3 f5 2. b3 d6 3. Bb2 e5 4. c4 Nf6 5. g3 Be7 6. Bg2 O-O 7. Nc3 Nc6 8. O-O
Qe8 9. e3 Qh5 10. Ne1 Qh6 11. Nd5 Nxd5 12. cxd5 Nd8 13. f4 exf4 14. exf4 Bf6
15. Qc2 Bd7 16. Nf3 c6 17. Nd4 c5 18. Nf3 Nf7 19. Rfe1 Rfe8 20. d4 b6 21. Ne5
dxe5 22. dxe5 Nd6 23. exf6 gxf6 24. b4 c4 25. a4 Qf8 26. b5 Rxe1+ 27. Rxe1 Re8
28. Rxe8 Qxe8 29. Qc3 Ne4 30. Bxe4 Qxe4 31. Qxf6 Qe1+ 32. Kg2 Qe2+ 33. Kg1
1/2-1/2

[Event "Tradewise Gibraltar Chess Festival 2014 "]
[Site "The Caleta Hotel - Gibraltar"]
[Date "2014.02.01"]
[Round "5.42"]
[White "Gallagher, Joseph G"]
[Black "Solomon, Kenny"]
[Result "0-1"]
[WhiteElo "2495"]
[BlackElo "2351"]
[PlyCount "76"]
[EventDate "2014.01.28"]

1. e4 c5 2. Nf3 e6 3. d4 cxd4 4. Nxd4 a6 5. Nc3 Qc7 6. Bd3 Bc5 7. Nb3 Be7 8.
O-O d6 9. Qg4 g6 10. Qg3 Nc6 11. a4 b6 12. Be3 Nf6 13. Bh6 Bb7 14. Rad1 Rg8 15.
Bg5 h6 16. Be3 g5 17. f3 Ne5 18. Qf2 Nfd7 19. Qe1 h5 20. Kh1 g4 21. f4 Nxd3 22.
cxd3 h4 23. d4 h3 24. d5 hxg2+ 25. Kxg2 exd5 26. exd5 Qc4 27. Nc1 Nf6 28. Rd4
Qc7 29. N1e2 b5 30. Qd2 Qd7 31. Ng3 bxa4 32. Nce4 Rc8 33. Re1 Nxe4 34. Rxe4 f5
35. Re6 Qxe6 36. Rd1 Qd7 37. Kg1 Bh4 38. Nh5 Kf7 0-1

[Event "Tradewise Gibraltar Chess Festival 2014 "]
[Site "The Caleta Hotel - Gibraltar"]
[Date "2014.02.01"]
[Round "5.43"]
[White "Pogonina, Natalija"]
[Black "Wemmers, Xander"]
[Result "1-0"]
[WhiteElo "2495"]
[BlackElo "2348"]
[PlyCount "85"]
[EventDate "2014.01.28"]

1. e4 d6 2. d4 Nf6 3. f3 d5 4. e5 Nfd7 5. f4 e6 6. Nf3 c5 7. c3 Nc6 8. Be2 Qb6
9. O-O Be7 10. Kh1 O-O 11. Na3 cxd4 12. cxd4 Ndb8 13. Nc2 f6 14. b3 a5 15. Ne3
fxe5 16. dxe5 Bc5 17. Nc2 Na6 18. Bd3 g6 19. Ng5 Qc7 20. a3 Qg7 21. Qg4 Nd4 22.
b4 Nxc2 23. Bxc2 Bd4 24. Rb1 Bxe5 25. Qe2 Bf6 26. Nxe6 Qe7 27. f5 axb4 28. Bh6
Re8 29. Qf3 bxa3 30. Nf4 Bxf5 31. Nxd5 Qe6 32. Rb6 Qxb6 33. Nxb6 a2 34. Bb3+
Kh8 35. Bxa2 Rad8 36. Nd5 Bb2 37. Bg5 Rd6 38. Ne7 Rf8 39. Bh6 Bg7 40. Bxg7+
Kxg7 41. Qxb7 Rd7 42. Qb2+ Kh6 43. Qc1+ 1-0

[Event "Tradewise Gibraltar Chess Festival 2014 "]
[Site "The Caleta Hotel - Gibraltar"]
[Date "2014.02.01"]
[Round "5.45"]
[White "Tate, Alan"]
[Black "Hambleton, Aman"]
[Result "1/2-1/2"]
[WhiteElo "2321"]
[BlackElo "2481"]
[PlyCount "179"]
[EventDate "2014.01.28"]

1. e4 c5 2. Nf3 e6 3. d4 cxd4 4. Nxd4 a6 5. Bd3 Bc5 6. Nb3 Be7 7. Qg4 g6 8. Qe2
d6 9. O-O Qc7 10. Nc3 Nd7 11. Bd2 b6 12. Rae1 Bb7 13. f4 Ngf6 14. e5 Nd5 15.
Nxd5 Bxd5 16. Bb4 Nc5 17. Bc3 Nxd3 18. cxd3 O-O 19. f5 exf5 20. Nd4 f6 21. e6
b5 22. Kh1 Qb7 23. b3 b4 24. Bb2 a5 25. Qf2 a4 26. Qg3 axb3 27. axb3 Ra2 28.
Re2 Kh8 29. h3 Qa7 30. Qf2 Ra5 31. Kh2 Ba8 32. Rc1 Rc5 33. Ra1 Qb7 34. Nc2 Rfc8
35. Ne3 Qb5 36. Rd2 Bb7 37. Nc4 d5 38. Ne3 Qb6 39. Kg1 Qxe6 40. Re1 Qf7 41.
Rde2 Bf8 42. Nc2 R5c7 43. Nd4 Bc5 44. Kh1 Re7 45. Rxe7 Bxe7 46. Qf4 Bf8 47. Qg3
Re8 48. Rxe8 Qxe8 49. Nxf5 Kg8 50. Ne3 Qc6 51. Ng4 Be7 52. Bd4 Bc8 53. Qe3 Bd8
54. Nh2 Kf7 55. Nf3 Be7 56. Qd2 Bf5 57. g4 Bc8 58. Kg2 Ba6 59. g5 Qd6 60. gxf6
Bxf6 61. Qe3 Qe7 62. Qf4 Kg7 63. Bxf6+ Qxf6 64. Qxb4 Bxd3 65. Qb7+ Kf8 66. Qxd5
Qb2+ 67. Kg3 Qe2 68. Qd6+ Kg8 69. Qd5+ Kf8 70. Qd8+ Kg7 71. Qd4+ Kg8 72. Kf4 h6
73. Qd5+ Kf8 74. h4 g5+ 75. hxg5 hxg5+ 76. Kxg5 Qe3+ 77. Kg4 Be2 78. b4 Qxf3+
79. Qxf3+ Bxf3+ 80. Kxf3 Ke7 81. Ke4 Kd6 82. Kd4 Kc6 83. Kc4 Kb6 84. b5 Kb7 85.
Kc5 Kc7 86. b6+ Kb7 87. Kb5 Kb8 88. Kc6 Kc8 89. b7+ Kb8 90. Kb6 1/2-1/2

[Event "Tradewise Gibraltar Chess Festival 2014 "]
[Site "The Caleta Hotel - Gibraltar"]
[Date "2014.02.01"]
[Round "5.46"]
[White "Ashwin, Jayaram"]
[Black "Bellin, Robert"]
[Result "1/2-1/2"]
[WhiteElo "2473"]
[BlackElo "2337"]
[PlyCount "122"]
[EventDate "2014.01.28"]

1. e4 c5 2. Nf3 Nc6 3. d4 cxd4 4. Nxd4 g6 5. Nc3 Bg7 6. Be3 Nf6 7. Bc4 O-O 8.
Bb3 d6 9. f3 Bd7 10. Qd2 Rc8 11. O-O-O Ne5 12. Kb1 Re8 13. h4 h5 14. Bh6 Nc4
15. Bxc4 Rxc4 16. Bxg7 Kxg7 17. Nd5 e5 18. Nxf6 Qxf6 19. Nb3 Re6 20. Qa5 Ra4
21. Qc7 Bc6 22. a3 Ra6 23. Rd2 Qf4 24. Rhd1 Qxh4 25. Rxd6 Qe7 26. Qb8 Rxd6 27.
Rxd6 Bb5 28. Rd8 Bf1 29. g3 Rb6 30. f4 Re6 31. Nd4 exd4 32. e5 g5 33. Rg8+ Kh6
34. fxg5+ Kh7 35. g6+ Kh6 36. g7 Rxe5 37. Qf8 Re1+ 38. Ka2 Bc4+ 39. b3 Bxb3+
40. Kxb3 Qe6+ 41. Kb2 Qb6+ 42. Qb4 Qxb4+ 43. axb4 Re7 44. Rh8+ Kxg7 45. Rxh5
Rd7 46. Kc1 Kg6 47. g4 Kf6 48. Kd2 Ke6 49. Kd3 Rc7 50. Rh2 Ke5 51. Re2+ Kd5 52.
Re8 Rc3+ 53. Kd2 Rf3 54. Re7 b5 55. Rxa7 Kc4 56. Rc7+ Kxb4 57. g5 Rf5 58. Kd3
Rxg5 59. Rxf7 Rd5 60. Rf1 Kc5 61. c3 dxc3+ 1/2-1/2

[Event "Tradewise Gibraltar Chess Festival 2014 "]
[Site "The Caleta Hotel - Gibraltar"]
[Date "2014.02.01"]
[Round "5.47"]
[White "Flear, Glenn C"]
[Black "Deac, Bogdan-Daniel"]
[Result "1/2-1/2"]
[WhiteElo "2471"]
[BlackElo "2289"]
[PlyCount "113"]
[EventDate "2014.01.28"]

1. d4 Nf6 2. c4 e6 3. Nc3 Bb4 4. Qc2 O-O 5. a3 Bxc3+ 6. Qxc3 b6 7. Bg5 Bb7 8.
e3 d6 9. f3 Nbd7 10. Bd3 h6 11. Bh4 c5 12. Ne2 Rc8 13. Qb3 d5 14. cxd5 Bxd5 15.
Qd1 cxd4 16. Nxd4 Bc4 17. O-O a6 18. Rc1 b5 19. Bxc4 bxc4 20. Qa4 Qb6 21. Rxc4
Qxb2 22. Rxc8 Rxc8 23. Qxa6 Rc3 24. Bf2 Qxa3 25. Qxa3 Rxa3 26. Rd1 Ne5 27. e4
Ra2 28. Kf1 Nfd7 29. Nc6 Nxc6 30. Rxd7 Ra1+ 31. Ke2 Ra2+ 32. Rd2 Rxd2+ 33. Kxd2
f5 34. exf5 exf5 35. Bc5 Kf7 36. Ke3 g5 37. g4 Kg6 38. h3 h5 39. gxf5+ Kxf5 40.
Bd6 Nd8 41. Bc7 Ne6 42. Bd6 Nd8 43. Bc7 Nc6 44. Bd6 h4 45. Bc7 Nb4 46. Bb8 Nd5+
47. Ke2 Nf4+ 48. Bxf4 Kxf4 49. Kf2 Kf5 50. Ke2 Ke6 51. Ke3 Ke5 52. Ke2 Kd4 53.
Kd2 Kd5 54. Ke3 Ke5 55. Ke2 Kf6 56. Ke3 Kf5 57. Ke2 1/2-1/2

[Event "Tradewise Gibraltar Chess Festival 2014 "]
[Site "The Caleta Hotel - Gibraltar"]
[Date "2014.02.01"]
[Round "5.48"]
[White "Paehtz, Elisabeth"]
[Black "Haugli, Petter"]
[Result "1/2-1/2"]
[WhiteElo "2458"]
[BlackElo "2278"]
[PlyCount "100"]
[EventDate "2014.01.28"]

1. Nf3 Nf6 2. c4 c5 3. Nc3 Nc6 4. g3 e6 5. Bg2 Qb6 6. O-O Be7 7. b3 O-O 8. Bb2
d5 9. cxd5 exd5 10. Na4 Qa5 11. Rc1 d4 12. Ba3 Nb4 13. Bxb4 Qxb4 14. Qc2 Be6
15. Ne5 Rac8 16. Nd3 Qb5 17. Nf4 Bd7 18. Nb2 Bc6 19. Bh3 Bd7 20. Bg2 Bc6 21. a4
Qa6 22. Bh3 Bd7 23. Bxd7 Nxd7 24. Nc4 Qc6 25. Qf5 Nf6 26. Nd3 g6 27. Qh3 Rfe8
28. Qg2 Qxg2+ 29. Kxg2 Bf8 30. Rfe1 Nd5 31. e4 dxe3 32. dxe3 Red8 33. e4 Nc7
34. Rcd1 Ne6 35. Nf4 Nd4 36. Rd3 Nc2 37. Red1 Rxd3 38. Nxd3 Rd8 39. Ndb2 Rxd1
40. Nxd1 Nd4 41. Nd2 Bh6 42. Ne3 Bxe3 43. fxe3 Nc6 44. Nc4 f6 45. Kf3 Ne5+ 46.
Nxe5 fxe5 47. Ke2 a6 48. Kd3 b5 49. axb5 axb5 50. b4 c4+ 1/2-1/2

[Event "Tradewise Gibraltar Chess Festival 2014 "]
[Site "The Caleta Hotel - Gibraltar"]
[Date "2014.02.01"]
[Round "5.49"]
[White "Galmandakh, Badrakh"]
[Black "Pardo Simon, David"]
[Result "0-1"]
[WhiteElo "2225"]
[BlackElo "2450"]
[PlyCount "124"]
[EventDate "2014.01.28"]

1. e3 g6 2. Nf3 Bg7 3. Be2 e5 4. d4 e4 5. Nfd2 d5 6. c4 c6 7. Nc3 Ne7 8. b4 O-O
9. cxd5 cxd5 10. b5 Be6 11. Ba3 Re8 12. Nb3 Nd7 13. Nc5 Nxc5 14. Bxc5 Rc8 15.
Bb4 Nf5 16. g3 Nd6 17. Rc1 Nc4 18. Qb3 Qd7 19. Nxe4 dxe4 20. Bxc4 Bxc4 21. Rxc4
Rxc4 22. Qxc4 Rc8 23. Bc5 b6 24. O-O Bf8 25. Rc1 bxc5 26. a4 Qd8 27. d5 Qe8 28.
a5 Rb8 29. Rb1 Bd6 30. Kg2 Qd8 31. a6 Qe7 32. b6 axb6 33. Qa4 Qc7 34. Qxe4 c4
35. h4 c3 36. Rc1 b5 37. h5 b4 38. hxg6 hxg6 39. Rh1 Qe7 40. Qd4 Be5 41. Qe4
Bf6 42. Qf4 Qe5 43. Qc4 Qd6 44. e4 Ra8 45. Ra1 c2 46. Rc1 Bc3 47. a7 Rxa7 48.
Rxc2 Rc7 49. Qb5 Qc5 50. Qe8+ Kg7 51. Rc1 Qe7 52. Qxe7 Rxe7 53. Kf3 Rb7 54. Ke3
b3 55. Kd3 b2 56. Rb1 Rb3 57. d6 Kf6 58. Kc2 Ra3 59. e5+ Bxe5 60. d7 Rc3+ 61.
Kd1 Ke7 62. Rxb2 Rd3+ 0-1

[Event "Tradewise Gibraltar Chess Festival 2014 "]
[Site "The Caleta Hotel - Gibraltar"]
[Date "2014.02.01"]
[Round "5.50"]
[White "Rowe, Duane"]
[Black "Zhukova, Natalia"]
[Result "0-1"]
[WhiteElo "2218"]
[BlackElo "2449"]
[PlyCount "39"]
[EventDate "2014.01.28"]

1. Nf3 d5 2. c4 d4 3. b4 f6 4. e3 e5 5. Qc2 dxe3 6. fxe3 Bxb4 7. Bd3 Ne7 8. O-O
Nbc6 9. Bxh7 f5 10. Ng5 Qd6 11. d4 Qh6 12. e4 f4 13. dxe5 Qxg5 14. Bxf4 Qh5 15.
Bf5 Nxf5 16. exf5 Bxf5 17. Qa4 Bc5+ 18. Kh1 Bd4 19. Na3 Bxa1 20. Rxa1 0-1

[Event "Tradewise Gibraltar Chess Festival 2014 "]
[Site "The Caleta Hotel - Gibraltar"]
[Date "2014.02.01"]
[Round "5.51"]
[White "Kohlweyer, Bernd"]
[Black "Burrows, Martin P"]
[Result "1/2-1/2"]
[WhiteElo "2437"]
[BlackElo "2126"]
[PlyCount "87"]
[EventDate "2014.01.28"]

1. c4 Nf6 2. Nc3 e6 3. Nf3 Bb4 4. g4 h6 5. Rg1 b6 6. Qc2 Bb7 7. a3 Be7 8. g5
hxg5 9. Nxg5 Rg8 10. d4 Nc6 11. d5 Nd4 12. Qd1 e5 13. Bh3 g6 14. e3 Nf5 15.
Bxf5 gxf5 16. Qf3 Nxd5 17. cxd5 Rxg5 18. Rxg5 Bxg5 19. Qxf5 Qe7 20. e4 Bh4 21.
Be3 O-O-O 22. O-O-O Rh8 23. Rg1 Kb8 24. Bg5 Bxg5+ 25. Qxg5 Qxg5+ 26. Rxg5 Rxh2
27. Rf5 Rh7 28. Rxe5 Ba6 29. Kd2 Bf1 30. Re7 Kc8 31. Re8+ Kb7 32. Rd8 Bh3 33.
Ne2 c5 34. dxc6+ dxc6 35. Nf4 Bg4 36. Ke3 Kc7 37. Ra8 Kb7 38. Rf8 a5 39. f3 Bd7
40. Kd4 Kc7 41. b4 axb4 42. axb4 Kd6 43. Rb8 c5+ 44. bxc5+ 1/2-1/2

[Event "Tradewise Gibraltar Chess Festival 2014 "]
[Site "The Caleta Hotel - Gibraltar"]
[Date "2014.02.01"]
[Round "5.52"]
[White "Hagesather, Arne"]
[Black "Georgiadis, Nico"]
[Result "0-1"]
[WhiteElo "2126"]
[BlackElo "2436"]
[PlyCount "110"]
[EventDate "2014.01.28"]

1. e4 c5 2. c3 d5 3. exd5 Qxd5 4. d4 g6 5. Nf3 Bg7 6. Na3 cxd4 7. Bc4 Qe4+ 8.
Be3 Nh6 9. cxd4 O-O 10. Bd3 Qd5 11. O-O Bg4 12. Nb5 Bxf3 13. Qxf3 Qxf3 14. gxf3
Nc6 15. Be4 a6 16. Nc7 Rac8 17. Bxc6 Rxc7 18. Be4 Nf5 19. Rfd1 Rd8 20. Bxf5
gxf5 21. Rd2 Rd5 22. f4 e6 23. Kf1 Kf8 24. Ke2 Rc8 25. Rad1 Ke7 26. Rg1 Bf6 27.
f3 h5 28. Bf2 a5 29. Rgd1 b5 30. Rd3 b4 31. Ke3 Kd7 32. Be1 Rg8 33. a3 bxa3 34.
bxa3 Rg2 35. R3d2 Rxd2 36. Rxd2 a4 37. Rd3 Be7 38. Bd2 Rb5 39. Bc1 Kc6 40. Rc3+
Kd5 41. Kd3 Bf6 42. Be3 Bd8 43. Rc4 Rb3+ 44. Rc3 Rxc3+ 45. Kxc3 Ba5+ 46. Kd3
Bb6 47. Kc3 f6 48. Kd3 Ba7 49. Bf2 e5 50. Be3 Bxd4 51. Bxd4 exd4 52. h4 Kc5 53.
Kd2 Kc4 54. Kc2 d3+ 55. Kd2 Kd4 0-1

[Event "Tradewise Gibraltar Chess Festival 2014 "]
[Site "The Caleta Hotel - Gibraltar"]
[Date "2014.02.01"]
[Round "5.53"]
[White "Zhao, Xue"]
[Black "Mihajlov, Svetoslav"]
[Result "1-0"]
[WhiteElo "2567"]
[BlackElo "2112"]
[PlyCount "57"]
[EventDate "2014.01.28"]

1. d4 d5 2. c4 c6 3. Nc3 Nf6 4. Nf3 a6 5. g3 e6 6. Bg2 dxc4 7. a4 Bb4 8. O-O
O-O 9. Qc2 Nbd7 10. e4 h6 11. Rd1 Bxc3 12. bxc3 b5 13. Nd2 Bb7 14. e5 Nd5 15.
Ne4 c5 16. Qe2 cxd4 17. cxd4 Qb6 18. a5 Qc6 19. Qh5 f5 20. Nd6 Kh7 21. g4 N7f6
22. exf6 Qxd6 23. g5 gxf6 24. Qxh6+ Kg8 25. Qg6+ Kh8 26. Ra3 Nf4 27. Bxf4 Qxa3
28. gxf6 Rf7 29. Qxf7 1-0

[Event "Tradewise Gibraltar Chess Festival 2014 "]
[Site "The Caleta Hotel - Gibraltar"]
[Date "2014.02.01"]
[Round "5.54"]
[White "Muzychuk, Anna"]
[Black "Martinez Reyes, Pedro Ramon"]
[Result "1/2-1/2"]
[WhiteElo "2566"]
[BlackElo "2246"]
[PlyCount "113"]
[EventDate "2014.01.28"]

1. c4 e6 2. d4 d5 3. Nc3 Be7 4. Nf3 Nf6 5. Bf4 O-O 6. e3 c5 7. dxc5 Bxc5 8. a3
Nc6 9. Qc2 Qa5 10. O-O-O Rd8 11. cxd5 Nxd5 12. Nxd5 exd5 13. Bd3 h6 14. Kb1 Qb6
15. Bc7 Qxc7 16. Qxc5 Bg4 17. h3 Bxf3 18. gxf3 Qe7 19. Qxe7 Nxe7 20. Rhg1 Kf8
21. Bc2 Rd6 22. f4 f5 23. Rd2 Rad8 24. h4 h5 25. b4 g6 26. Bb3 a5 27. b5 d4 28.
Kc2 dxe3 29. Rxd6 Rxd6 30. fxe3 Nc8 31. Kc3 Ke7 32. Re1 Kf6 33. Rd1 Ke7 34. Rd4
Rb6 35. a4 Rf6 36. Bd5 Nd6 37. Rd1 Rf8 38. Rd4 Rc8+ 39. Kd2 Rc5 40. Bf3 b6 41.
Rd5 Nb7 42. Rd4 Nd6 43. Bd5 Kf6 44. Bf3 Ke7 45. Kd3 Ke6 46. Bc6 Ke7 47. Rd5
Rxd5+ 48. Bxd5 Ne8 49. Kd4 Nc7 50. Bb3 Kd6 51. Bf7 Ne6+ 52. Bxe6 Kxe6 53. e4
Kd6 54. e5+ Ke6 55. Kd3 Kd5 56. Kc3 Kc5 57. Kd3 1/2-1/2

[Event "Tradewise Gibraltar Chess Festival 2014 "]
[Site "The Caleta Hotel - Gibraltar"]
[Date "2014.02.01"]
[Round "5.55"]
[White "El Debs, Felipe De Cresce"]
[Black "Sanchez Botella, Luis Javier"]
[Result "1-0"]
[WhiteElo "2520"]
[BlackElo "2241"]
[PlyCount "77"]
[EventDate "2014.01.28"]

1. Nf3 Nf6 2. c4 e6 3. g3 b6 4. Bg2 Bb7 5. O-O c5 6. Nc3 Be7 7. d4 cxd4 8. Qxd4
d6 9. Bg5 a6 10. Bxf6 Bxf6 11. Qf4 O-O 12. Rfd1 Be7 13. Ne4 Bxe4 14. Qxe4 Ra7
15. Nd4 Rc7 16. b3 Rc5 17. a4 Qc7 18. Rd2 Re8 19. Rad1 Bf8 20. Qb1 Nd7 21. e3
Nf6 22. Rc2 Rc8 23. Rdc1 Qd7 24. b4 R5c7 25. b5 axb5 26. axb5 d5 27. Nc6 dxc4
28. Rxc4 Bc5 29. Ra4 Qe8 30. Qa2 Nd7 31. Rd1 Nb8 32. Ra7 Nxc6 33. bxc6 Rxa7 34.
Qxa7 Rxc6 35. Bxc6 Qxc6 36. Rd8+ Bf8 37. Qe7 Qc1+ 38. Kg2 Qc6+ 39. Kh3 1-0